Biathlon Wertungen Männer 25/26 - Statistiken

Allgemein
  • Dieses Quiz wurde 13 mal gespielt
  • Das Durchschnittsergebnis liegt bei 36 aus 40
Antwortstatistiken
# Einzel % Korrekt
3 Émilien Jacquelin
100%
7 Émilien Jacquelin
100%
5 Émilien Jacquelin
100%
7 Émilien Jacquelin
100%
1 Éric Perrot
100%
3 Éric Perrot
100%
1 Éric Perrot
100%
1 Éric Perrot
100%
9 Philipp Nawrath
100%
5 Philipp Nawrath
100%
9 Philipp Nawrath
100%
4 Sturla Holm Laegreid
100%
1 Sturla Holm Laegreid
100%
3 Sturla Holm Laegreid
100%
3 Sturla Holm Laegreid
100%
8 Vetle Sjaastad Christiansen
100%
9 Vetle Sjaastad Christiansen
100%
5 Vetle Sjaastad Christiansen
100%
2 Johan-Olav Smoerdal Botn
90%
6 Johan-Olav Smoerdal Botn
90%
6 Johan-Olav Smoerdal Botn
90%
2 Johan-Olav Smoerdal Botn
90%
7 Martin Ponsiluoma
90%
6 Martin Ponsiluoma
90%
8 Quentin Fillon-Maillet
90%
9 Quentin Fillon-Maillet
90%
7 Sebastian Samuelsson
90%
2 Sebastian Samuelsson
90%
2 Sebastian Samuelsson
90%
10 Sebastian Samuelsson
90%
10 Johannes Dale-Skjevdal
80%
4 Johannes Dale-Skjevdal
80%
5 Lukas Hofer
80%
10 Tommaso Giacomel
80%
4 Tommaso Giacomel
80%
8 Tommaso Giacomel
80%
10 Fabien Claude
70%
8 Fabien Claude
70%
6 Martin Uldal
70%
4 Campbell Wright
40%
Keine übereinstimmenden Quizze gefunden
Verteilung der Resultate
Anzahl Personen mit jedem Resultat
Perzentil nach korrekt beantworteten Fragen
Ihre Resultats-Entwicklung
Sie haben dieses Quiz noch nicht gespielt